00395nam a22001337a 4500999001900000040000800019082001300027100003100040245003000071260004500101300001000146942001200156952009300168 c534128d534128 cdlc a891.4394 aCol. Ashfaq Hussain928274 aGentleman Subhan AllahbL aLahorebIdara e Matboaat Sulemanicc2009 a310;p 2ddccBK 00102ddc4070aNITbNITd2020-02-04l0o891.4394pNIT-9635r2020-02-04w2020-02-04yBK